| 000 | 00441pab a2200145 454500 | ||
|---|---|---|---|
| 008 | 180718b1987 xxu||||| |||| 00| 0 eng d | ||
| 100 | _aShakoor, S.A. | ||
| 245 | _aThe role of private commercial banks for financing working capital to the business and industrial establishment of Bangladesh | ||
| 260 | _c1987 | ||
| 300 | _a35-57 | ||
| 362 | _aOct.-Dec. | ||
| 650 | _aBanks - Bangladesh | ||
| 773 | _aManagement Development | ||
| 909 | _a4280 | ||
| 999 |
_c4280 _d4280 |
||